|
|
|
|
| LEADER |
00804cam a2200241ua 4500 |
| 001 |
18884 |
| 005 |
20150705131828.0 |
| 007 |
ta |
| 008 |
120426s2011 g b000 u eng u |
| 020 |
|
|
|a 9788177082630
|c 535.00
|
| 041 |
1 |
|
|a eng
|
| 082 |
1 |
4 |
|a 338.5
|b MIC
|
| 100 |
1 |
|
|a Das, Sudhansu Kumar .
|
| 245 |
0 |
0 |
|a Micro finance and India`s rural economy /
|c edited by Sudhansu Kuman Das and Sanjay Kanti Das.
|h Textual Documents
|
| 250 |
|
|
|a 1 /
|b .
|
| 260 |
|
|
|a New Delhi :
|b New century publications ,
|c 2011.
|
| 300 |
|
|
|a 155p. ;
|
| 365 |
|
|
|a 535.00
|
| 541 |
|
|
|e AE02150
|h 535.00
|
| 650 |
|
0 |
|a Micro finance
|
| 700 |
1 |
|
|a Das, Sanjay Kanti .
|
| 999 |
|
|
|c 42076
|d 42076
|
| 952 |
|
|
|0 0
|1 0
|4 0
|6 338_500000000000000_MIC
|7 0
|9 53972
|a KU
|b KU
|d 2015-07-05
|l 2
|o 338.5 MIC
|p AE02150
|r 2017-11-15
|s 2017-10-26
|w 2015-07-05
|y BK
|